000 00557pam a2200169 a 4500
020 _a0198289383
040 _cDLC
082 0 0 _a354 OXF 1995 A077 Or.
245 0 4 _aThe Japanese civil service and economic development :
_bcatalysts of change /
260 _aOxford :
_bClarendon Press ;
_aNew York :
_bOxford University Press,
_c1995.
300 _axxi, 552 p. :
_bill. ;
_c25 cm.
650 0 _aCivil service
650 0 _aCivil service.
700 1 _aKim, Hyung-Ki,
856 4 2 _uhttp://www.loc.gov/catdir/enhancements/fy0603/95003096-d.html
942 _cEK
999 _c15603
_d15603